[Event "LEM Nachwuchs M-V u18 08.-12.02.2020"]
[Site "Aula Fleesenseeschule Malch"]
[Date "2020.02.08"]
[Round "1.5"]
[White "Wurst, Benedikt"]
[Black "Pfennigschmidt, Lennart"]
[Result "1-0"]
[WhiteElo "1636"]
[BlackElo "1334"]
[PlyCount "49"]
[EventDate "2020.??.??"]
[WhiteTeam "SSC Rostock"]
[BlackTeam "SF Schwerin"]

1. e4 e5 2. Nf3 Nf6 3. Nxe5 d6 4. Nf3 Nxe4 5. Nc3 Nxc3 6. dxc3 Nc6 7. Bd3 Be7
8. O-O O-O 9. Nd4 Ne5 10. Bf4 Nxd3 11. cxd3 c5 12. Ne2 Re8 13. Qd2 b6 14. d4
Bb7 15. d5 Bf6 16. Ng3 g5 17. Be3 Re5 18. c4 b5 19. f4 gxf4 20. Bxf4 Bg5 21. b3
Bxf4 22. Qxf4 Qd7 23. Nf5 Kf8 24. Qh6+ Ke8 25. Nxd6+ 1-0

[Event "LEM Nachwuchs M-V u18 08.-12.02.2020"]
[Site "Aula Fleesenseeschule Malch"]
[Date "2020.02.08"]
[Round "1.6"]
[White "Meiske, Moritz"]
[Black "Thote, Christian"]
[Result "0-1"]
[WhiteElo "1273"]
[BlackElo "1581"]
[PlyCount "94"]
[EventDate "2020.??.??"]
[WhiteTeam "TSG Neustrelitz"]
[BlackTeam "SF Schwerin"]

1. c4 Nf6 2. Nc3 e6 3. g3 d5 4. cxd5 exd5 5. d4 Be7 6. Bg2 O-O 7. Nf3 Bg4 8.
O-O c6 9. Bg5 Nbd7 10. Re1 h6 11. Bxf6 Nxf6 12. Ne5 Bh5 13. Qd2 Re8 14. e4 dxe4
15. Nxe4 Nd5 16. a3 Qb6 17. Nc3 Nc7 18. Qf4 Qxb2 19. Nxc6 Ne6 20. Nxe7+ Rxe7
21. Qe3 Rc8 22. Na4 Qb5 23. Nc3 Qa5 24. Ne4 Ng5 25. Qf4 Nxe4 26. Rxe4 Rxe4 27.
Qxe4 Qc3 28. Qe1 Qxd4 29. Bxb7 Rd8 30. Bg2 Bg6 31. Bf3 Qb2 32. Qc1 Qxc1+ 33.
Rxc1 Rd3 34. Rc8+ Kh7 35. Bg2 Rxa3 36. Bd5 Bh5 37. Rc7 f6 38. Be4+ Bg6 39.
Bxg6+ Kxg6 40. Kf1 Ra2 41. Kg2 a5 42. Ra7 a4 43. Ra5 a3 44. Kf3 Ra1 45. Ke3 a2
46. h4 Re1+ 47. Kd2 a1=Q 0-1

[Event "LEM Nachwuchs M-V u18 08.-12.02.2020"]
[Site "Aula Fleesenseeschule Malch"]
[Date "2020.02.08"]
[Round "1.7"]
[White "Witek, Jarne"]
[Black "Müller, Sophie Charlotte"]
[Result "1/2-1/2"]
[WhiteElo "1399"]
[BlackElo "1224"]
[PlyCount "151"]
[EventDate "2020.??.??"]
[WhiteTeam "SSC Rostock"]
[BlackTeam "SG Neubrandenburg"]

1. d4 Nf6 2. c4 g6 3. f3 d5 4. cxd5 Nxd5 5. e4 Nb6 6. Nc3 Bg7 7. Be3 O-O 8. Rc1
Nc6 9. Bb5 Nxd4 10. Bxd4 Bxd4 11. Nge2 Be3 12. Qxd8 Rxd8 13. Rd1 Rxd1+ 14. Kxd1
Be6 15. Kc2 Rd8 16. Rd1 Rxd1 17. Kxd1 c6 18. Bd3 Nd7 19. Ng3 Ne5 20. Bc2 b5 21.
b3 a6 22. Ke2 Bd4 23. Kd2 Kf8 24. Nge2 Bb6 25. h3 Bc8 26. f4 Nd7 27. b4 e6 28.
g4 c5 29. a3 cxb4 30. axb4 Nb8 31. Ng3 Nc6 32. Na2 Bd8 33. Kc3 Bh4 34. Nf1 Be1+
35. Kb3 Nd4+ 36. Kb2 Nxc2 37. Kxc2 f5 38. Kd3 Bb7 39. Ke2 Bh4 40. exf5 exf5 41.
gxf5 gxf5 42. Ne3 Bc8 43. Kd3 Bg3 44. Ng2 Bb7 45. Ne3 Bxf4 46. Nxf5 Bc8 47. Ke4
Bg5 48. Ke5 Bxf5 49. Kxf5 Be7 50. Ke6 Ke8 51. Ke5 Kd7 52. Kd5 h5 53. Ke5 Bd6+
54. Kd5 h4 55. Kd4 Kc6 56. Ke4 Kb6 57. Kd4 a5 58. bxa5+ Kxa5 59. Nc3 Kb4 60.
Nxb5 Kxb5 61. Ke4 Be7 62. Kf3 Kc5 63. Kg2 Kd4 64. Kh1 Ke4 65. Kg2 Ke3 66. Kh1
Kf3 67. Kh2 Bd6+ 68. Kh1 Kg3 69. Kg1 Kxh3 70. Kh1 Kg4 71. Kg2 Bc5 72. Kh1 Kf3
73. Kh2 Bd6+ 74. Kh1 Kg4 75. Kg2 Bc7 76. Kh1 1/2-1/2

[Event "LEM Nachwuchs M-V u18 08.-12.02.2020"]
[Site "Aula Fleesenseeschule Malch"]
[Date "2020.02.08"]
[Round "1.8"]
[White "Tratzki, Mark Ulrich"]
[Black "Wiese, Erik"]
[Result "0-1"]
[WhiteElo "1207"]
[BlackElo "1523"]
[PlyCount "66"]
[EventDate "2020.??.??"]
[WhiteTeam "Lok Pritzwalk"]
[BlackTeam "Think Rochade"]

1. d4 d5 2. c4 e6 3. Nc3 a6 4. e4 Bb4 5. cxd5 exd5 6. e5 Ne7 7. a3 Ba5 8. g3
O-O 9. Bg2 c6 10. Nf3 Ng6 11. O-O Re8 12. Bd2 Nd7 13. Na4 Bxd2 14. Qxd2 Nb6 15.
Qb4 Nxa4 16. Qxa4 Bf5 17. Rac1 f6 18. Qb4 Rb8 19. exf6 Qxf6 20. Rfe1 Be4 21.
Nd2 Bxg2 22. Kxg2 Rf8 23. Rf1 a5 24. Qb6 Ne7 25. Rcd1 Nf5 26. Nb3 Rf7 27. Nxa5
Rbf8 28. Rd3 Qg6 29. Qb3 b6 30. Nxc6 Qxc6 31. f4 Qc4 32. Qxc4 dxc4 33. Rd2 Ne3+
0-1

[Event "LEM Nachwuchs M-V u18 08.-12.02.2020"]
[Site "Aula Fleesenseeschule Malch"]
[Date "2020.02.08"]
[Round "1.9"]
[White "Trams, Emma Joe"]
[Black "Warda, Michelangelo"]
[Result "1-0"]
[WhiteElo "1466"]
[BlackElo "1183"]
[PlyCount "85"]
[EventDate "2020.??.??"]
[WhiteTeam "SG Jasmund"]
[BlackTeam "ESV Wittenberge"]

1. e4 c6 2. Nf3 d5 3. exd5 cxd5 4. d4 Bf5 5. Nc3 e6 6. Bb5+ Nd7 7. O-O Ngf6 8.
Bg5 Be7 9. Ne5 O-O 10. Re1 a6 11. Bd3 Bxd3 12. Qxd3 h6 13. Bh4 Nxe5 14. dxe5
Nd7 15. Bxe7 Qxe7 16. Re3 Rac8 17. Rae1 Rc6 18. Qd2 Rfc8 19. Rg3 Kh8 20. Ree3
Qb4 21. Qc1 d4 22. Re4 f5 23. Rh4 Qf8 24. Rxd4 Nxe5 25. h3 Qf6 26. Kh1 Rc4 27.
Rxc4 Rxc4 28. Re3 Nc6 29. Qe1 Nd4 30. Qd1 Nc6 31. Qd7 Nd4 32. Qxb7 Nxc2 33. Re2
Nd4 34. Qxa6 Rxc3 35. bxc3 Nxe2 36. Qxe2 Qxc3 37. g3 Qc6+ 38. Kh2 g6 39. Qe3
Kg7 40. Qa7+ Kf6 41. a4 Qc8 42. a5 g5 43. a6 1-0

[Event "LEM Nachwuchs M-V u18 08.-12.02.2020"]
[Site "Aula Fleesenseeschule Malch"]
[Date "2020.02.08"]
[Round "1.10"]
[White "Schwenck, Fabian"]
[Black "Puls, Luisa"]
[Result "1-0"]
[WhiteElo "974"]
[BlackElo "1551"]
[PlyCount "81"]
[EventDate "2020.??.??"]
[WhiteTeam "SG Güstrow"]
[BlackTeam "VT Ludwigslust"]

1. e4 c5 2. Nf3 Nc6 3. d4 cxd4 4. Nxd4 g6 5. Nc3 Bg7 6. Be3 Nf6 7. f3 O-O 8.
Qd2 d5 9. Nxc6 bxc6 10. O-O-O Be6 11. Bh6 d4 12. Bxg7 dxc3 13. Qxc3 Qb6 14.
Bxf8 Kxf8 15. b3 Kg8 16. Bc4 Bc8 17. g4 Bb7 18. e5 Ne8 19. Rd7 e6 20. f4 Bc8
21. Rd3 Qf2 22. Qd2 Qh4 23. Rd8 Qe7 24. Qd6 Qf8 25. Qxf8+ Kxf8 26. Rd3 Rb8 27.
h4 Bb7 28. h5 c5 29. Rh2 Bd5 30. Re3 Bc6 31. hxg6 hxg6 32. Rh8+ Ke7 33. Rh7 Rd8
34. f5 gxf5 35. gxf5 Nc7 36. f6+ Ke8 37. Rh8+ Kd7 38. Rd3+ Bd5 39. Rxd8+ Kxd8
40. Bxd5 Nxd5 41. c4 1-0

[Event "LEM Nachwuchs M-V u18 08.-12.02.2020"]
[Site "Aula Fleesenseeschule Malch"]
[Date "2020.02.09"]
[Round "2.1"]
[White "Thote, Christian"]
[Black "Lange, Jannis"]
[Result "0-1"]
[WhiteElo "1581"]
[BlackElo "2054"]
[PlyCount "107"]
[EventDate "2020.??.??"]
[WhiteTeam "SF Schwerin"]
[BlackTeam "Greifswalder SV"]

1. d4 Nf6 2. c4 g6 3. Nc3 d5 4. cxd5 Nxd5 5. e4 Nxc3 6. bxc3 Bg7 7. Nf3 c5 8.
Be3 Qa5 9. Qd2 O-O 10. Be2 Nc6 11. Rc1 cxd4 12. cxd4 Qxd2+ 13. Kxd2 Rd8 14.
Rhd1 Nxd4 15. Nxd4 Bxd4 16. Ke1 e5 17. Bxd4 exd4 18. Rc7 Be6 19. Rxb7 a5 20. a3
Rac8 21. Bb5 Bb3 22. Rd2 Rc1+ 23. Ke2 Ra1 24. a4 Bxa4 25. Bc4 Be8 26. Bd5 Ra4
27. Rc2 Rb4 28. Rxb4 axb4 29. Kd3 Kg7 30. Kxd4 Kf6 31. Rc7 Rb8 32. f4 b3 33.
Rc1 g5 34. e5+ Kf5 35. Be4+ Kxf4 36. Rf1+ Kg4 37. Rf6 Rb4+ 38. Ke3 Kh5 39. g4+
Kxg4 40. Bf3+ Kh3 41. Rh6+ Rh4 42. Rb6 Ba4 43. Be4 Kxh2 44. Rb4 Rh3+ 45. Kf2
Bd7 46. Rd4 Rh4 47. Rxd7 Rxe4 48. Rxf7 h5 49. Rf5 h4 50. Rxg5 h3 51. Kf3 Re1
52. e6 b2 53. e7 b1=Q 54. e8=Q 0-1

[Event "LEM Nachwuchs M-V u18 08.-12.02.2020"]
[Site "Aula Fleesenseeschule Malch"]
[Date "2020.02.09"]
[Round "2.2"]
[White "Wiese, Erik"]
[Black "Trampnau, Jan-Niklas"]
[Result "1-0"]
[WhiteElo "1523"]
[BlackElo "1590"]
[PlyCount "71"]
[EventDate "2020.??.??"]
[WhiteTeam "Think Rochade"]
[BlackTeam "ESV Wittenberge"]

1. c4 c6 2. d4 d5 3. e3 e6 4. Nc3 Bb4 5. Nf3 Nf6 6. Bd2 Nbd7 7. Be2 O-O 8. O-O
Re8 9. Nxd5 Nxd5 10. cxd5 Bxd2 11. dxc6 bxc6 12. Qxd2 Bb7 13. Rac1 Qf6 14. Qa5
Rec8 15. Ba6 Bxa6 16. Qxa6 e5 17. dxe5 Nxe5 18. Nxe5 Qxe5 19. Rxc6 Rd8 20. b3
Qf5 21. Rfc1 Rab8 22. h3 Rb5 23. Rc8 Rbd5 24. Rxd8+ Rxd8 25. Qxa7 g6 26. Qc7
Ra8 27. a4 Qd3 28. Qc4 Qd2 29. Qc3 Qd5 30. Qc6 Qd8 31. b4 Qb8 32. Rc4 Qa7 33.
b5 Rd8 34. Qc7 Qa8 35. b6 Rd1+ 36. Kh2 1-0

[Event "LEM Nachwuchs M-V u18 08.-12.02.2020"]
[Site "Aula Fleesenseeschule Malch"]
[Date "2020.02.09"]
[Round "2.3"]
[White "Gazizov, Max"]
[Black "Trams, Emma Joe"]
[Result "1-0"]
[WhiteElo "1689"]
[BlackElo "1466"]
[PlyCount "55"]
[EventDate "2020.??.??"]
[WhiteTeam "Think Rochade"]
[BlackTeam "SG Jasmund"]

1. d4 d5 2. c4 e6 3. cxd5 exd5 4. Nc3 Nc6 5. Bf4 Bb4 6. e3 a6 7. Bd3 Nf6 8.
Nge2 O-O 9. a3 Bd6 10. Bg3 Be6 11. b4 b5 12. Rc1 Ne7 13. O-O Nf5 14. Nf4 Nxg3
15. Nxe6 fxe6 16. hxg3 Nd7 17. e4 Nb6 18. e5 Be7 19. Qh5 g6 20. Qg4 Qd7 21. Ne2
Bd8 22. Nf4 Re8 23. Kh2 Qe7 24. Rc6 Nc4 25. Rh1 Qd7 26. Bxg6 hxg6 27. Qxg6+ Kf8
28. Nxe6+ 1-0

[Event "LEM Nachwuchs M-V u18 08.-12.02.2020"]
[Site "Aula Fleesenseeschule Malch"]
[Date "2020.02.09"]
[Round "2.4"]
[White "Neubert, Conrad"]
[Black "Wurst, Benedikt"]
[Result "0-1"]
[WhiteElo "1649"]
[BlackElo "1636"]
[PlyCount "103"]
[EventDate "2020.??.??"]
[WhiteTeam "SF Schwerin"]
[BlackTeam "SSC Rostock"]

1. d4 d5 2. c4 e6 3. Nf3 Be7 4. Bf4 Nf6 5. e3 O-O 6. Nc3 Ne4 7. Bd3 f5 8. O-O
c6 9. Ne5 Nd7 10. f3 Nxc3 11. bxc3 Nxe5 12. Bxe5 Bd6 13. f4 Bxe5 14. fxe5 b6
15. a4 Ba6 16. cxd5 Bxd3 17. Qxd3 cxd5 18. c4 Rc8 19. cxd5 Qxd5 20. Rfc1 Rfd8
21. Kf2 Rxc1 22. Rxc1 Qxe5 23. dxe5 Rxd3 24. Rc8+ Kf7 25. Rc7+ Kf8 26. Rxa7 Rd5
27. Rb7 Rxe5 28. Rxb6 Kf7 29. Rb3 Ra5 30. Rb4 g5 31. Ke2 Kf6 32. e4 f4 33. Kf3
Rc5 34. h4 Rc3+ 35. Kf2 g4 36. a5 Rc2+ 37. Kf1 Ra2 38. Rb5 Ra4 39. Rg5 g3 40.
Ke2 Rxe4+ 41. Kf3 Ra4 42. Rb5 e5 43. Rb6+ Kf5 44. Rb5 Ra3+ 45. Ke2 Ra2+ 46. Kf1
h5 47. Rc5 Ra1+ 48. Ke2 Rg1 49. Kf3 Rf1+ 50. Ke2 Rf2+ 51. Kd3 Rxg2 52. a6 0-1

[Event "LEM Nachwuchs M-V u18 08.-12.02.2020"]
[Site "Aula Fleesenseeschule Malch"]
[Date "2020.02.09"]
[Round "2.5"]
[White "Müller, Sophie Charlotte"]
[Black "Schwenck, Fabian"]
[Result "0-1"]
[WhiteElo "1224"]
[BlackElo "974"]
[PlyCount "78"]
[EventDate "2020.??.??"]
[WhiteTeam "SG Neubrandenburg"]
[BlackTeam "SG Güstrow"]

1. e4 c5 2. d3 e6 3. Nf3 d5 4. e5 Nc6 5. Bf4 Nge7 6. c3 Ng6 7. Bg3 Be7 8. d4 b6
9. Bb5 Bd7 10. O-O O-O 11. Nbd2 c4 12. Ba4 a6 13. Bc2 b5 14. b3 Rb8 15. b4 a5
16. a3 f6 17. exf6 Bxf6 18. Bxb8 Qxb8 19. Re1 e5 20. Bxg6 hxg6 21. dxe5 Nxe5
22. Nb1 Nxf3+ 23. Qxf3 Bc6 24. Qg4 Re8 25. Qd1 Rxe1+ 26. Qxe1 Be5 27. g3 axb4
28. axb4 Qd6 29. Ra6 d4 30. Rxc6 Qxc6 31. Qxe5 d3 32. Nd2 Qa6 33. Qe1 Qa2 34.
Kf1 Qc2 35. Ne4 Kf7 36. g4 d2 37. Nd6+ Kg8 38. Qe6+ Kh7 39. Kg2 d1=Q 0-1

[Event "LEM Nachwuchs M-V u18 08.-12.02.2020"]
[Site "Aula Fleesenseeschule Malch"]
[Date "2020.02.09"]
[Round "2.7"]
[White "Puls, Luisa"]
[Black "Pfennigschmidt, Lennart"]
[Result "1-0"]
[WhiteElo "1551"]
[BlackElo "1334"]
[PlyCount "107"]
[EventDate "2020.??.??"]
[WhiteTeam "VT Ludwigslust"]
[BlackTeam "SF Schwerin"]

1. e4 e5 2. Nf3 Nf6 3. Nxe5 d6 4. Nf3 Nxe4 5. Nc3 Nxc3 6. dxc3 Be7 7. Be3 O-O
8. Qd2 Nc6 9. O-O-O Be6 10. Kb1 Na5 11. h4 Nc4 12. Bxc4 Bxc4 13. g4 Be6 14.
Rdg1 h6 15. h5 f6 16. Nh4 f5 17. Ng6 fxg4 18. Nxf8 Qxf8 19. Re1 Qf5 20. Bd4 c5
21. Be3 d5 22. Qd3 Rf8 23. Qxf5 Rxf5 24. Bxh6 gxh6 25. Rxe6 Bg5 26. Rg1 Rxf2
27. Ree1 Rf4 28. Ref1 g3 29. Rxf4 Bxf4 30. Rf1 Bd6 31. Kc1 c4 32. Rg1 Kf7 33.
Kd1 Kf6 34. Ke2 Kg5 35. Kf3 Kxh5 36. Rd1 Kh4 37. Rxd5 Bc7 38. Rd4+ Kh3 39. Rd5
Kh2 40. Rh5+ Kg1 41. Rxh6 b5 42. Rh5 a6 43. Rh6 a5 44. Rh5 Bf4 45. Kxf4 g2 46.
Rg5 Kf1 47. Ke4 g1=Q 48. Rxg1+ Kxg1 49. Kd4 Kf2 50. Kc5 Ke3 51. Kxb5 Kd2 52.
Kxa5 Kxc2 53. Kb4 Kxb2 54. a4 1-0

[Event "LEM Nachwuchs M-V u18 08.-12.02.2020"]
[Site "Aula Fleesenseeschule Malch"]
[Date "2020.02.09"]
[Round "2.8"]
[White "Eulitz, Charlotte"]
[Black "Meiske, Moritz"]
[Result "1/2-1/2"]
[WhiteElo "1566"]
[BlackElo "1273"]
[PlyCount "131"]
[EventDate "2020.??.??"]
[WhiteTeam "SG Güstrow"]
[BlackTeam "TSG Neustrelitz"]

1. e4 c6 2. d4 d5 3. e5 Bf5 4. Be2 e6 5. Nf3 Nd7 6. c3 c5 7. Be3 cxd4 8. Bxd4
Bc5 9. Bb5 Bxd4 10. Nxd4 Ne7 11. Nxf5 Nxf5 12. Nd2 O-O 13. Nf3 Nb6 14. O-O Qc7
15. Bd3 Ne7 16. Re1 a6 17. Ng5 g6 18. Qg4 Kg7 19. Qxe6 fxe6 20. Nxe6+ Kf7 21.
Nxc7 Rac8 22. Nxa6 bxa6 23. Bxa6 Rc7 24. Bd3 Re8 25. Re3 Nc6 26. Rae1 Nc4 27.
e6+ Kf8 28. Rf3+ Kg7 29. b3 N4e5 30. Rfe3 Nxd3 31. Rxd3 Ne7 32. h3 Rec8 33.
Ree3 Kf6 34. a4 Rc6 35. Rf3+ Kxe6 36. Rde3+ Kd7 37. Rf7 Rxc3 38. Rfxe7+ Kd6 39.
Rxc3 Rxc3 40. Rxh7 Rxb3 41. Rh6 Rb1+ 42. Kh2 d4 43. Rxg6+ Kc5 44. Rg8 d3 45.
Rc8+ Kd4 46. Rd8+ Kc3 47. Rc8+ Kd2 48. Kg3 Kd1 49. Kf3 d2 50. Re8 Rb3+ 51. Kg4
Kc2 52. Rc8+ Rc3 53. Rd8 d1=Q+ 54. Rxd1 Kxd1 55. f4 Ke2 56. Kh4 Rc4 57. Kg5 Kf2
58. g4 Kg3 59. a5 Rxf4 60. a6 Ra4 61. Kh5 Kxh3 62. g5 Rh4+ 63. Kg6 Ra4 64. Kh7
Rxa6 65. g6 Rxg6 66. Kxg6 1/2-1/2

[Event "LEM Nachwuchs M-V u18 08.-12.02.2020"]
[Site "Aula Fleesenseeschule Malch"]
[Date "2020.02.09"]
[Round "2.9"]
[White "Trömer, Axel"]
[Black "Tratzki, Mark Ulrich"]
[Result "1-0"]
[WhiteElo "1373"]
[BlackElo "1207"]
[PlyCount "43"]
[EventDate "2020.??.??"]
[WhiteTeam "SAV Torgelow"]
[BlackTeam "Lok Pritzwalk"]

1. e4 d6 2. d4 Nf6 3. Nc3 g6 4. Nf3 Bg7 5. Bd3 Nbd7 6. Be3 O-O 7. Qd2 Re8 8.
O-O c5 9. Rad1 cxd4 10. Bxd4 b6 11. Bb5 Bb7 12. e5 Bxf3 13. gxf3 dxe5 14. Be3
Qc7 15. Nd5 Nxd5 16. Qxd5 Rad8 17. Bxd7 e6 18. Qc6 Rxd7 19. Qxd7 Rc8 20. Qxc7
Rxc7 21. Rd8+ Bf8 22. Bh6 1-0

[Event "LEM Nachwuchs M-V u18 08.-12.02.2020"]
[Site "Aula Fleesenseeschule Malch"]
[Date "2020.02.09"]
[Round "2.10"]
[White "Warda, Michelangelo"]
[Black "Camen, Lisette"]
[Result "1/2-1/2"]
[WhiteElo "1183"]
[BlackElo "1366"]
[PlyCount "101"]
[EventDate "2020.??.??"]
[WhiteTeam "ESV Wittenberge"]
[BlackTeam "Lok Pritzwalk"]

1. d4 Nf6 2. Nf3 b6 3. Bf4 Bb7 4. e3 e6 5. c3 d5 6. Bd3 Bd6 7. Bxd6 Qxd6 8. O-O
O-O 9. Nbd2 Nbd7 10. Re1 c5 11. c4 Ne4 12. Bxe4 dxe4 13. dxc5 Nxc5 14. Nd4 Rfd8
15. Qc2 e5 16. N4b3 Nxb3 17. Nxb3 Qd3 18. Qc1 Ba6 19. c5 Rac8 20. Rd1 Qxd1+ 21.
Qxd1 Rxd1+ 22. Rxd1 bxc5 23. Nxc5 Bd3 24. Nxd3 exd3 25. f3 Rd8 26. e4 g6 27.
Kf2 f5 28. exf5 gxf5 29. Ke3 Rd6 30. Rxd3 Rh6 31. h3 Rg6 32. Kf2 f4 33. Rd8+
Kg7 34. Rd7+ Kh6 35. Rxa7 Rc6 36. Kg1 Rc1+ 37. Kh2 Rc2 38. Rb7 e4 39. fxe4 f3
40. Rf7 Rxg2+ 41. Kh1 Rxb2 42. Rxf3 Rxa2 43. Rg3 Re2 44. Rg4 Kh5 45. Kg1 Re3
46. Kg2 h6 47. Kh2 Re2+ 48. Kg3 Re3+ 49. Kg2 Re2+ 50. Kf3 Rh2 51. Kg3 1/2-1/2

[Event "LEM Nachwuchs M-V u18 08.-12.02.2020"]
[Site "Aula Fleesenseeschule Malch"]
[Date "2020.02.09"]
[Round "3.1"]
[White "Lange, Jannis"]
[Black "Wiese, Erik"]
[Result "1-0"]
[WhiteElo "2054"]
[BlackElo "1523"]
[PlyCount "99"]
[EventDate "2020.??.??"]
[WhiteTeam "Greifswalder SV"]
[BlackTeam "Think Rochade"]

1. e4 e5 2. Nf3 Nc6 3. d4 exd4 4. Bc4 Bb4+ 5. c3 dxc3 6. O-O h6 7. Nxc3 Bxc3 8.
bxc3 d6 9. Nd4 Nge7 10. f4 O-O 11. Qh5 Nxd4 12. cxd4 c6 13. Bd3 f5 14. Kh1 fxe4
15. Bxe4 Bf5 16. Bf3 Bg6 17. Qh3 Nf5 18. d5 Qh4 19. dxc6 Qxh3 20. gxh3 bxc6 21.
Bxc6 Rac8 22. Bd5+ Bf7 23. Be4 Be6 24. Bb2 d5 25. Bd3 d4 26. Bxf5 Bxf5 27. Bxd4
Bxh3 28. Rf2 Rf7 29. Be5 a6 30. Rd2 Rd7 31. Rxd7 Bxd7 32. Rd1 Bf5 33. Kg2 Kf7
34. a3 Rc5 35. Rd6 a5 36. Ra6 Bd7 37. Ra7 Rd5 38. Kf2 g5 39. Ke3 Ke6 40. Ra6+
Kf5 41. Rf6+ Kg4 42. Rxh6 gxf4+ 43. Bxf4 Rb5 44. Bd6 Rb3+ 45. Ke4 a4 46. Rg6+
Kh5 47. Rg7 Bc6+ 48. Kf5 Rb5+ 49. Be5 Kh6 50. Rg6+ 1-0

[Event "LEM Nachwuchs M-V u18 08.-12.02.2020"]
[Site "Aula Fleesenseeschule Malch"]
[Date "2020.02.09"]
[Round "3.2"]
[White "Schwenck, Fabian"]
[Black "Gazizov, Max"]
[Result "0-1"]
[WhiteElo "974"]
[BlackElo "1689"]
[PlyCount "76"]
[EventDate "2020.??.??"]
[WhiteTeam "TSG Güstrow"]
[BlackTeam "Think Rochade"]

1. e4 c5 2. Nf3 e6 3. d4 cxd4 4. Nxd4 Nc6 5. Nxc6 bxc6 6. Bd3 d5 7. O-O Nf6 8.
Nd2 Qc7 9. exd5 cxd5 10. Bb5+ Bd7 11. Bxd7+ Nxd7 12. b3 Qc3 13. Rb1 Qa5 14. a4
Bb4 15. c4 d4 16. Nf3 e5 17. Bd2 O-O 18. Bxb4 Qxb4 19. Qd2 Qxd2 20. Nxd2 a5 21.
f4 f6 22. fxe5 fxe5 23. Rxf8+ Rxf8 24. Nf3 Kf7 25. Rc1 Ke7 26. c5 Rc8 27. c6
Kd6 28. Kf2 Rxc6 29. Rxc6+ Kxc6 30. Ke2 Kd5 31. Ne1 Nc5 32. b4 axb4 33. a5 b3
34. Nd3 e4 35. Nb4+ Kc4 36. a6 Nxa6 37. Nxa6 b2 38. Nc7 b1=Q 0-1

[Event "LEM Nachwuchs M-V u18 08.-12.02.2020"]
[Site "Aula Fleesenseeschule Malch"]
[Date "2020.02.09"]
[Round "3.3"]
[White "Wurst, Benedikt"]
[Black "Thote, Christian"]
[Result "1-0"]
[WhiteElo "1636"]
[BlackElo "1581"]
[PlyCount "55"]
[EventDate "2020.??.??"]
[WhiteTeam "SSC Rostock"]
[BlackTeam "SF Schwerin"]

1. e4 c5 2. c3 d6 3. d4 cxd4 4. cxd4 a6 5. Nf3 Nf6 6. Nc3 g6 7. Be2 Bg7 8. O-O
O-O 9. e5 dxe5 10. dxe5 Nfd7 11. Bf4 Nc6 12. Qd5 e6 13. Qd6 Ndxe5 14. Rfd1 Qa5
15. Nxe5 Nxe5 16. b4 Qa3 17. Bxe5 f6 18. Nb1 Qa4 19. Bb2 Qc2 20. Rd2 Qf5 21.
Nc3 Bh6 22. Bd3 Qg4 23. h3 Qh4 24. Re2 e5 25. Re4 Qg5 26. Bc1 Qxc1+ 27. Rxc1
Bxc1 28. Bc4+ 1-0

[Event "LEM Nachwuchs M-V u18 08.-12.02.2020"]
[Site "Aula Fleesenseeschule Malch"]
[Date "2020.02.09"]
[Round "3.4"]
[White "Puls, Luisa"]
[Black "Petrow, Jonas"]
[Result "0-1"]
[WhiteElo "1551"]
[BlackElo "1811"]
[PlyCount "78"]
[EventDate "2020.??.??"]
[WhiteTeam "VT Ludwigslust"]
[BlackTeam "TuS Makkabi Rostock"]

1. e4 c5 2. Nf3 d6 3. d4 cxd4 4. Nxd4 Nf6 5. Nc3 a6 6. Be3 e5 7. Nf3 Be6 8. Qd2
h6 9. Bd3 Be7 10. O-O O-O 11. Na4 Nbd7 12. c4 b5 13. cxb5 axb5 14. Bxb5 Nxe4
15. Qc2 Nef6 16. Rfc1 Qa5 17. Nc3 Rfc8 18. Qe2 Rab8 19. Bxd7 Nxd7 20. Ne1 d5
21. Nb1 d4 22. Bd2 Qb6 23. b3 f5 24. Nd3 e4 25. Nf4 Bf7 26. Qe1 Bf6 27. h3 Ne5
28. Qd1 g5 29. Ne2 e3 30. fxe3 dxe3 31. Bc3 Rd8 32. Qf1 f4 33. Rd1 Rxd1 34.
Qxd1 f3 35. gxf3 Nxf3+ 36. Kf1 Be6 37. Kg2 Nh4+ 38. Kh2 Qc7+ 39. Ng3 Bxc3 0-1

[Event "LEM Nachwuchs M-V u18 08.-12.02.2020"]
[Site "Aula Fleesenseeschule Malch"]
[Date "2020.02.09"]
[Round "3.5"]
[White "Trampnau, Jan-Niklas"]
[Black "Neubert, Conrad"]
[Result "1-0"]
[WhiteElo "1590"]
[BlackElo "1649"]
[PlyCount "79"]
[EventDate "2020.??.??"]
[WhiteTeam "ESV Wittenberge"]
[BlackTeam "SF Schwerin"]

1. d4 d5 2. Bf4 c5 3. c3 Nf6 4. e3 Nc6 5. Nf3 e6 6. Nbd2 Bd6 7. Bxd6 Qxd6 8.
Nb3 b6 9. Bb5 Bb7 10. Qe2 O-O 11. Bxc6 Bxc6 12. Ne5 Nd7 13. Nxc6 Qxc6 14. O-O
f5 15. Qa6 Rf6 16. dxc5 Nxc5 17. Nxc5 Qxc5 18. Rad1 f4 19. e4 f3 20. Qb7 Raf8
21. g3 R6f7 22. Qa6 dxe4 23. Rfe1 Qf5 24. Rd4 Qh3 25. Qf1 Qg2+ 26. Qxg2 fxg2
27. Re2 e3 28. fxe3 e5 29. Rd5 Rf5 30. Kxg2 g5 31. g4 Rf1 32. Rxe5 h6 33. e4
Ra1 34. a3 Rff1 35. Rf5 Rg1+ 36. Kf2 Rxg4 37. e5 Rh1 38. Ke3 Rd1 39. e6 Rd6 40.
Kf3 1-0

[Event "LEM Nachwuchs M-V u18 08.-12.02.2020"]
[Site "Aula Fleesenseeschule Malch"]
[Date "2020.02.09"]
[Round "3.6"]
[White "Trams, Emma Joe"]
[Black "Trömer, Axel"]
[Result "1/2-1/2"]
[WhiteElo "1466"]
[BlackElo "1373"]
[PlyCount "90"]
[EventDate "2020.??.??"]
[WhiteTeam "SG Jasmund"]
[BlackTeam "SAV Torgelow"]

1. e4 c6 2. d4 d5 3. exd5 cxd5 4. Nc3 Bf5 5. Nf3 Nc6 6. Bb5 Nf6 7. Ne5 Qb6 8.
O-O e6 9. a3 Be7 10. Nf3 O-O 11. Re1 Ne4 12. Bxc6 Qxc6 13. Ne5 Qc7 14. Nxe4
Bxe4 15. c3 Bd6 16. f3 Bf5 17. h3 Rae8 18. Qe2 f6 19. Nd3 Bg3 20. Rd1 e5 21.
dxe5 fxe5 22. Nb4 Qc5+ 23. Be3 d4 24. Bf2 Bf4 25. Nd3 Qc7 26. Nxf4 exf4 27. Qd2
d3 28. Re1 Qc4 29. Bxa7 Re6 30. Rxe6 Qxe6 31. Re1 Qd7 32. Bd4 Re8 33. Rxe8+
Qxe8 34. Kf2 Qa4 35. Ke1 Qc2 36. Qxc2 dxc2 37. Kd2 Kf7 38. Be5 g5 39. b4 Ke6
40. Bd4 Kd5 41. a4 Kc4 42. a5 Kb3 43. Kc1 Kc4 44. Kd2 Kb3 45. Kc1 Kc4 1/2-1/2

[Event "LEM Nachwuchs M-V u18 08.-12.02.2020"]
[Site "Aula Fleesenseeschule Malch"]
[Date "2020.02.09"]
[Round "3.7"]
[White "Witek, Jarne"]
[Black "Warda, Michelangelo"]
[Result "1-0"]
[WhiteElo "1399"]
[BlackElo "1183"]
[PlyCount "49"]
[EventDate "2020.??.??"]
[WhiteTeam "SSC Rostock"]
[BlackTeam "ESV Wittenberge"]

1. Nf3 c6 2. c4 d5 3. e3 Bf5 4. d4 e6 5. Nc3 Nf6 6. cxd5 exd5 7. Be2 Be7 8. O-O
O-O 9. a3 a5 10. Qb3 Qc7 11. Bd2 Nbd7 12. Rfc1 h6 13. Nxd5 Nxd5 14. Qxd5 Be6
15. Qe4 Nf6 16. Qc2 Bd5 17. b4 axb4 18. Bxb4 Bxb4 19. axb4 Qd6 20. Qb2 Nd7 21.
h3 Rxa1 22. Rxa1 c5 23. dxc5 Nxc5 24. Qd4 Bxf3 25. bxc5 1-0

[Event "LEM Nachwuchs M-V u18 08.-12.02.2020"]
[Site "Aula Fleesenseeschule Malch"]
[Date "2020.02.09"]
[Round "3.8"]
[White "Camen, Lisette"]
[Black "Eulitz, Charlotte"]
[Result "1/2-1/2"]
[WhiteElo "1366"]
[BlackElo "1566"]
[PlyCount "144"]
[EventDate "2020.??.??"]
[WhiteTeam "Lok Pritzwalk"]
[BlackTeam "SG Güstrow"]

1. c4 c5 2. Nc3 g6 3. g3 Bg7 4. Bg2 e6 5. d3 Ne7 6. e4 Nbc6 7. Be3 d6 8. Nf3
O-O 9. O-O Rb8 10. Qd2 a6 11. a4 b6 12. Bh6 Bb7 13. Bxg7 Kxg7 14. d4 cxd4 15.
Nxd4 Ne5 16. b3 Kg8 17. Rfd1 d5 18. cxd5 exd5 19. f4 Ng4 20. exd5 Nxd5 21. Nxd5
Bxd5 22. Nc6 Bxc6 23. Bxc6 Qe7 24. Bf3 Rfd8 25. Qc3 Rbc8 26. Rxd8+ Qxd8 27. Qb4
a5 28. Qe4 Nf6 29. Qe5 Nd7 30. Qd6 Nc5 31. Qxd8+ Rxd8 32. Rd1 Re8 33. Bd5 Re3
34. Rb1 Rd3 35. Bc4 Rc3 36. Bd5 Kf8 37. Rb2 Rd3 38. Bc4 Rd4 39. Ra2 Rd1+ 40.
Kg2 Rb1 41. Ra3 Rb2+ 42. Kh3 Ke7 43. g4 Ne4 44. Ra1 Nc5 45. Re1+ Kf8 46. Re3
Rc2 47. Bb5 Ne6 48. f5 gxf5 49. gxf5 Nd4 50. f6 Nxb5 51. axb5 Rf2 52. Rc3 Rxf6
53. Kg4 Kg7 54. h4 Rg6+ 55. Kf5 Rh6 56. Kg5 f6+ 57. Kg4 f5+ 58. Kg5 Rd6 59.
Rc7+ Kf8 60. Rc6 h6+ 61. Kf4 Ke7 62. Rxd6 Kxd6 63. Kxf5 Kc5 64. Kg6 Kxb5 65.
Kxh6 a4 66. bxa4+ Kxa4 67. Kg7 b5 68. h5 b4 69. h6 b3 70. h7 b2 71. h8=Q b1=Q
72. Qa8+ Kb3 1/2-1/2